Éloge du raisonnable : pour un réenchantement raisonné du monde /

Bibliographic Details
Main Author: Massé, Raymond (Author)
Format: eBook
Language:French
Published: [Quebec] : Les Presses de l'Université Laval, [2023]
Series:À propos (Québec, Québec)
Subjects:
Online Access:Connect to the full text of this electronic book

MARC

Tag First Indicator Second Indicator Subfields
LEADER 00000nam a2200000Mi 4500
001 in00004772017
006 m o d
007 cr cnu---unuuu
008 231014s2023 quc o 000 0 fre d
005 20240212143121.2
020 |a 9782766302574  |q electronic book 
020 |a 2766302573  |q electronic book 
035 |a (NhCcYBP)jstor22573/CATS7630081 
037 |a 22573/cats7630081  |b JSTOR 
040 |a NhCcYBP  |c NhCcYBP 
050 4 |a B833  |b .M37 2023 
082 0 4 |a 149/.2  |2 23/eng/20231020 
100 1 |a Massé, Raymond,  |e author. 
245 1 0 |a Éloge du raisonnable :  |b pour un réenchantement raisonné du monde /  |c Raymond Massé. 
264 1 |a [Quebec] :  |b Les Presses de l'Université Laval,  |c [2023] 
300 |a 1 online resource. 
336 |a text  |b txt  |2 rdacontent 
337 |a computer  |b c  |2 rdamedia 
338 |a online resource  |b cr  |2 rdacarrier 
490 1 |a À propos 
505 0 |a Intro -- Introduction -- Les conditions d'un réenchantement raisonné du monde -- Chapitre 1 La raison et la rationalité au pilori -- Des limites à la responsabilisation de la raison -- la perversion des finalités de la raison -- Les réussites de la rationalité : réenchanter la nuance -- Les dangers du catastrophisme et des dystopies -- Chapitre 2 La raison au-delà du formalisme -- Les simplifications réductrices -- Raison, émotions, intuitions -- De l'entendement au raisonnement -- Réhabiliter la rationalité -- Discréditer le rationalisme en le ramenant à de l'utilitarisme 
505 8 |a Rationalité et gouvernement des émotions -- Reconnaître les limites cognitives de la raison : réenchanter la raison elle-même -- CHAPITRE 3 De l'idéologie rationaliste au rationalisme critique -- Une rationalité porteuse de finalités modulables et évolutives -- Un rationalisme par nature limité et contraint -- Le rationalisme critique -- Le rationalisme en sciences sociales -- Chapitre 4 Savoir composer avec des rationalités divergentes -- L'homme rationnel hypothétique -- Les formes alternatives et divergentes de rationalité -- Rationalité et sens commun 
505 8 |a Les rationalités alternatives dans le monde contemporain -- La cohabitation de divers déterminants plus ou moins rationnels de l'action -- Pour la reconnaissance d'une rationalité hybride -- Chapitre 5 Lumières et anti-Lumières -- Avant les Lumières -- Les contributions des Lumières à l'humanité -- Les contributions des Lumières -- Que reste-t-il aujourd'hui de ces leçons des Lumières ? -- La culture anti-Lumières -- Chapitre 6 Raison, désinformation, crédulité -- Raison et ignorance -- Crise des savoirs experts -- La raison au défi de l'environnement médiatique 
505 8 |a Nouveaux communautarisme et tribalisme -- La raison malmenée par l'environnement social et économique -- L'éducation à la pensée critique -- Chapitre 7 La raison au défi de la religion et de la métaphysique -- Qu'est-ce que l'enchantement ? -- Sécularisation et rationalisation du monde -- Raison et métaphysique -- Une lutte historique de l'Église contre la science et l'enchantement séculier du monde -- L'impossible dialogue -- La religion : une entrave au réenchantement du monde par la raison et la science ? -- Réenchantement du monde et prépondérance de l'immanence 
505 8 |a Chapitre 8 Science et enchantement -- La science discréditée -- La crise de confiance envers la science -- Un empirisme logique -- La science : une entreprise communautaire -- L'humilité méthodologique -- Reconnaître les biais sociologiques et idéologiques et trouver des solutions -- Scientisme et relativisme -- Science et technologie -- Science et réenchantement du monde -- Chapitre 9 La raison au service de la liberté et de l'humanisme -- Une société scientifique comme condition de la liberté -- La raison face à l'asservissement volontaire -- La raison pratique comme humanisme laïque 
500 |a Conclusion Le raisonnable comme horizon ultime de la raison 
588 |a Description based on online resource; title from digital title page (viewed on November 17, 2023). 
650 0 |a Reason. 
650 0 |a Practical reason. 
655 7 |a Electronic books.  |2 local 
776 1 8 |i Print version:  |a Massé, Raymond  |t Éloge du Raisonnable  |d Quebec : Les Presses de l'Université Laval,c2023  |z 9782766302567 
830 0 |a À propos (Québec, Québec) 
856 4 0 |u http://proxy.library.tamu.edu/login?url=https://www.jstor.org/stable/10.2307/jj.7635952  |z Connect to the full text of this electronic book  |t 0 
955 |a JSTOR DDA record 
999 f f |s f16bd29a-d211-4d86-8566-faa2d0746649  |i 106529d0-e1b5-4131-b31c-e1ddc33fd6f0  |t 0 
952 f f |a Texas A&M University  |b College Station  |c Electronic Resources  |d Available Online  |t 0  |e B833 .M37 2023  |h Library of Congress classification 
998 f f |a B833 .M37 2023  |t 0  |l Available Online